Dutch Football Rivalries - Statistics

General Stats
  • This quiz has been taken 281 times
  • The average score is 7 of 11
Answer Stats
Match Name Answer % Correct
De Klassieker (The Classic) Feyenoord - Ajax
100%
Derby van het Noorden (Derby of the North) sc Heerenveen - FC Groningen
77%
Friese Deby (Frisian Derby) sc Heerenveen - SC Cambuur
76%
Twentse Derby FC Twente - Hercales Almelo
74%
Gelderse Derby Vitesse - N.E.C.
74%
Brabantse Derby Willem II - NAC Breda
65%
IJsselderby PEC Zwolle - Go Ahead Eagles
59%
Limburgse Derby Roda JC Kerkrade - MVV Maastricht
55%
Derby van Spakenburg (Derby of Spakenburg) IJsselmeervogels - SV Spakenburg
46%
Noordoost (Northeast)-Brabantse Derby FC Oss- FC Den Bosch
36%
Oost (East)-Brabantse Derby FC Eindhoven - Helmond Sport
27%
No matching quizzes found
Score Distribution
Percent of People with Each Score
Percentile by Number Answered
Your Score History
You have not taken this quiz